Score 0/18 Timer 05:00
8 Plays Today
Question Answer Wrong Answers
Beatles John, Paul, George
94.5%
Ringo, Paul, Luke
2.2%
Harry, John, Louis
0.6%
Fast Food Restaurants Subway, Burger King, Taco Bell
94.2%
KFC, Froot Loops, Burger King
0.5%
McDonald's, Wendy's, Macy's
2.6%
Religions Islam, Hinduism, Buddhism
94%
Hanukkah, Islam, Christianity
1.3%
Hinduism, Taoism, Hedonism
2%
Gemstones Diamond, Sapphire, Topaz
92.4%
Emerald, Peridot, Granite
2.5%
Ruby, Garnet, Marble
2.2%
Shapes Star, Heart, Diamond
91.6%
Star, Ace, Square
2.7%
Diamond, Pearl, Pentagon
2.8%
Dog Breeds Poodle, Beagle, Rottweiler
91.4%
Collie, Pug, Siamese
3%
Dalmatian, German Shepherd, Maine Coon
2.8%
Painters Raphael, Michelangelo, Monet
89.7%
Leonardo, Monet, Plato
4.5%
Raphael, Michelangelo, Plato
2.8%
US States Georgia, Wyoming, Indiana
87.9%
North Virginia, Kansas, Louisiana
5.9%
Chicago, Oregon, California
3.4%
Parts of Speech Noun, Pronoun, Preposition
87.8%
Noun, Exclamation, Adjective
4.9%
Pronoun, Adverb, Punctuation
4.5%
Fictional Cats Scratchy, Garfield, Sylvester
85.9%
Snoopy, Goofy, Itchy
1.9%
Simba, Felix, Tramp
9.3%
European Countries Italy, Luxembourg, Austria
81.5%
Paris, Spain, Portugal
8.4%
Kyrgyzstan, Russia, Ukraine
7.4%
Rock Bands Kiss, Nirvana, Oasis
80%
Queen, Eminem, Kiss
6.8%
TLC, AC/DC, Guns N' Roses
10.4%
100 Most Popular Boy Names of the 2000s (USA) Evan, Tyler, Gabriel
78.9%
Adam, Abigail, Dylan
5.5%
David, Luke, Sydney
12.7%
Prime Numbers Three, Two, Nineteen
74%
Nine, Nineteen, Seventeen
11.8%
Eleven, Thirteen, Fifteen
11.4%
Greek Letters Eta, Kappa, Iota
72%
Sigma, Pi, Carta
12.4%
Aleph, Gamma, Delta
12.9%
Pixar Movies Cars, Brave, Up
58.3%
Antz, Cars, Ratatouille
21.9%
Frozen, Up, Brave
17%
Roman Gods Mars, Neptune, Vulcan
52.5%
Mercury, Zeus, Pluto
35.8%
Venus, Earth, Mars
9%
Fish Seahorse, Ray, Eel
51.6%
Salamander, Tuna, Perch
21.8%
Salmon, Mullet, Manatee
23.8%
Remove Ads.
Support Sporcle.
Get the best of Sporcle when you Go Orange. This ad-free experience offers more features, more stats, and more fun while also helping to support Sporcle. Thank you for becoming a member.

You're not logged in!

Compare scores with friends on all Sporcle quizzes.
OR
Log In

Sporcle TV

Today on Sporcle TV


Watch our educational content, quiz creation guides, and fun videos on Sporcle TV.

Show Comments

Extras

Top Quizzes Today


Score Distribution

Paid Content

Your Account Isn't Verified!

In order to create a playlist on Sporcle, you need to verify the email address you used during registration. Go to your Sporcle Settings to finish the process.

Report this User

Report this user for behavior that violates our Community Guidelines.

Details: